000 nam a22 a 4500
999 _c3113
_d3113
005 20170519114306.0
008 170519b19761982-us||||| |||| 00| 0 eng d
020 _a0314632700
040 _aAKMAL
082 0 4 _a658.3 MAT
090 _a658.3
_bMAT
100 _aMathis, Robert L
_96451
245 _aPersonnel:
_bContemporary Perspectives and Application
260 _aMinnesota
_bWest Publishing Co.
_c1982
300 _a585p
_c24cm
500 _aIncludes bibliographical references and applications
700 _aJackson, John Harold
_96452
942 _2ddc
_cBOOK